Statistics for 12 Months in 45 Seconds

Click here to take the quiz!

General Stats

  • This quiz has been taken 70 times
  • The average score is 11 of 12

Answer Stats

Month% Correct
January
100%
April
98%
July
98%
March
98%
June
96%
May
96%
August
92%
September
92%
December
90%
November
90%
February
87%
October
87%

Score Distribution

Percentile by Number Answered

Percent of People with Each Score

Your Score History

You have not taken this quiz